[Event "4NCL Online Division 3"]
[Site "online"]
[Date "2020.10.20"]
[Round "5.121"]
[White "Dicks, Duncan"]
[Black "Williams, David"]
[Result "0-1"]
[WhiteElo "2125"]
[BlackElo "1900"]
[PlyCount "126"]
[EventDate "2020.10.20"]
[WhiteTeam "Stroud Youngies"]
[BlackTeam "Ashfield Anonymous B"]

1. e4 g6 2. d4 c6 3. Be2 d5 4. Nc3 dxe4 5. Nxe4 Bg7 6. Be3 Nd7 7. h3 Ngf6 8.
Nxf6+ Nxf6 9. Nf3 O-O 10. O-O b6 11. c4 Bb7 12. Qc2 Qc7 13. Rad1 e6 14. Qc1
Rad8 15. Rfe1 c5 16. dxc5 bxc5 17. Bh6 Rxd1 18. Rxd1 Rd8 19. Rxd8+ Qxd8 20.
Bxg7 Kxg7 21. Qe3 Bxf3 22. Bxf3 Qd6 23. Qa3 Qc7 24. Qc3 Qe7 25. Qe5 Kg8 26.
Qb8+ Kg7 27. Qe5 Kg8 28. Bc6 h6 29. g3 Nh7 30. h4 f6 31. Qb8+ Nf8 32. Bb7 g5
33. hxg5 hxg5 34. Qxa7 Qd6 35. Kg2 Ng6 36. Qa6 Qe5 37. Qc6 f5 38. a4 Kf7 39.
Qd7+ Ne7 40. Qd2 f4 41. g4 Ng6 42. Qd7+ Kf6 43. Qd8+ Kg7 44. a5 Kh6 45. Qd2 f3+
46. Kg1 Qe2 47. Qe3 Nh4 48. a6 Qd1+ 49. Kh2 Qd6+ 50. Kg1 Qd1+ 51. Kh2 Qd6+ 52.
Kh3 Qd1 53. Qxe6+ Ng6 54. Kh2 Qe2 55. Kg3 Qxe6 56. a7 Qe5+ 57. Kh3 Nf4+ 58. Kh2
Nd5+ 59. Kh3 Nb6 60. Bxf3 Qc7 61. a8=Q Nxa8 62. Bxa8 Qf4 63. f3 Qxc4 0-1

[Event "4NCL Online Division 3"]
[Site "online"]
[Date "2020.10.20"]
[Round "5.122"]
[White "Burke, Steven J"]
[Black "Southcott-Moyers, Indy"]
[Result "1/2-1/2"]
[WhiteElo "1922"]
[BlackElo "1667"]
[PlyCount "163"]
[EventDate "2020.10.20"]
[WhiteTeam "Ashfield Anonymous B"]
[BlackTeam "Stroud Youngies"]

1. e4 c6 2. d4 d5 3. exd5 cxd5 4. Bd3 Nc6 5. c3 Nf6 6. h3 g6 7. Bf4 Bg7 8. Qc2
O-O 9. Nd2 Nd7 10. Ngf3 e5 11. dxe5 Ndxe5 12. Nxe5 Nxe5 13. Bxe5 Bxe5 14. Nf3
Bg7 15. O-O b6 16. Rad1 Qc7 17. Rfe1 Bb7 18. Nd4 Bxd4 19. cxd4 Qxc2 20. Bxc2
Rac8 21. Bb3 Rc7 22. Rc1 Rfc8 23. Re8+ Kg7 24. Rxc8 Rxc8 25. Rxc8 Bxc8 26. Bxd5
Kf6 27. Kf1 Ke7 28. Ke2 f6 29. f4 Kd6 30. Bg8 h6 31. h4 Bg4+ 32. Ke3 a6 33. Bf7
Bf5 34. h5 g5 35. fxg5 fxg5 36. Bg6 Be6 37. a3 Bd5 38. g3 a5 39. Be4 Be6 40.
Kd3 Bg4 41. Bg6 Bf3 42. b4 axb4 43. axb4 Bd5 44. Be4 Bf7 45. Bf3 Bg8 46. Bg4
Kd5 47. Bf3+ Kd6 48. Kc3 Be6 49. Be2 Bf7 50. Bd1 Be6 51. Kd3 Bd5 52. Bg4 Bg2
53. Ke3 Bd5 54. Bf5 Bg2 55. Be4 Bh3 56. Kf3 Be6 57. Bb7 Bf7 58. g4 Bg8 59. Ke3
Be6 60. Bf3 Bg8 61. Be2 Bd5 62. Bd3 Bc6 63. Be4 Bd7 64. Kf3 Be6 65. Bc2 Bd5+
66. Ke3 Be6 67. Bd1 Bd5 68. Kd3 Bg8 69. Ke4 Bh7+ 70. Ke3 Bg8 71. Bc2 Bd5 72.
Bf5 Ba2 73. Be4 Be6 74. Bf3 Bg8 75. Kd3 Ba2 76. Kc3 Be6 77. Kb2 Bf7 78. Ka3 Be8
79. Kb3 Bb5 80. Kb2 Bc4 81. Kc3 Be6 82. Kd3 1/2-1/2

[Event "4NCL Online Division 3"]
[Site "online"]
[Date "2020.10.20"]
[Round "5.123"]
[White "Carey, Alex"]
[Black "Combie, Alex B"]
[Result "1/2-1/2"]
[WhiteElo "1630"]
[BlackElo "1885"]
[PlyCount "114"]
[EventDate "2020.10.20"]
[WhiteTeam "Stroud Youngies"]
[BlackTeam "Ashfield Anonymous B"]

1. e4 c5 2. Nf3 d6 3. d4 cxd4 4. Nxd4 Nf6 5. Nc3 a6 6. Be3 e5 7. Nf3 Be7 8. Bc4
O-O 9. O-O Nc6 10. h3 Be6 11. Bxe6 fxe6 12. Re1 d5 13. exd5 exd5 14. Bg5 d4 15.
Ne4 Nxe4 16. Bxe7 Nxf2 17. Bxd8 Nxd1 18. Raxd1 Raxd8 19. Nxe5 Nb4 20. Re4 Nxc2
21. Rd2 Rfe8 22. Rxc2 Rd5 23. Rce2 d3 24. Nxd3 Rxe4 25. Rxe4 Rxd3 26. Re7 b5
27. Ra7 Rd2 28. b3 Rxa2 29. Kh2 Ra3 30. b4 Ra4 31. Kg3 Rxb4 32. Rxa6 Rc4 33.
Rb6 b4 34. Kf3 Rc3+ 35. Ke4 b3 36. Rb7 Rg3 37. Kf4 Rxg2 38. Rxb3 Kf7 39. Rb7+
Kg6 40. Rb5 Kh6 41. h4 g6 42. Rb7 Ra2 43. Kg4 Ra8 44. Kf4 Rg8 45. Rc7 Rg7 46.
Rxg7 Kxg7 47. Kg5 h6+ 48. Kg4 Kf6 49. Kf4 h5 50. Ke4 g5 51. hxg5+ Kxg5 52. Kf3
h4 53. Kg2 Kg4 54. Kh2 h3 55. Kh1 Kg3 56. Kg1 h2+ 57. Kh1 Kh3 1/2-1/2

[Event "4NCL Online Division 3"]
[Site "online"]
[Date "2020.10.20"]
[Round "5.124"]
[White "Sudar, Dragoljub"]
[Black "Markey, Kevin D"]
[Result "0-1"]
[WhiteElo "1915"]
[BlackElo "1427"]
[PlyCount "70"]
[EventDate "2020.10.20"]
[WhiteTeam "Ashfield Anonymous B"]
[BlackTeam "Stroud Youngies"]

1. e4 c5 2. Nc3 e6 3. f4 d5 4. Bb5+ Bd7 5. exd5 exd5 6. Qe2+ Ne7 7. Nxd5 Bxb5
8. Qxb5+ Nbc6 9. Nxe7 Qxe7+ 10. Qe2 O-O-O 11. Qxe7 Bxe7 12. Nf3 Bf6 13. a3 Nd4
14. Nxd4 Rxd4 15. O-O Re8 16. d3 Re2 17. Rd1 Rxc2 18. Be3 Rd8 19. Rac1 Rxc1 20.
Rxc1 b6 21. b4 Bd4 22. Bxd4 Rxd4 23. bxc5 bxc5 24. Rxc5+ Kb7 25. Rc3 Rxf4 26.
g3 Rf5 27. Kg2 h5 28. d4 Kb6 29. h3 a5 30. g4 hxg4 31. hxg4 Rf4 32. Kg3 Rxd4
33. Rf3 f6 34. Kh4 Rd5 35. Rf4 g5+ 0-1

[Event "4NCL Online Division 3"]
[Site "online"]
[Date "2020.10.20"]
[Round "5.131"]
[White "Head, Louise"]
[Black "Brown, Alan M"]
[Result "1/2-1/2"]
[WhiteElo "2090"]
[BlackElo "2008"]
[PlyCount "68"]
[EventDate "2020.10.20"]
[WhiteTeam "Celtic Tigers"]
[BlackTeam "MK Phoenix 2"]

1. d4 Nf6 2. c4 e6 3. Nf3 Bb4+ 4. Nbd2 O-O 5. a3 Be7 6. e4 d6 7. Bd3 c5 8. d5
e5 9. b4 Na6 10. bxc5 Nxc5 11. Bc2 Bd7 12. a4 Rc8 13. O-O h6 14. Re1 Nh7 15.
Nb3 Nxa4 16. Qe2 Ng5 17. Nxg5 Bxg5 18. Bxg5 Qxg5 19. Nd2 Nc5 20. Rxa7 Ra8 21.
Rea1 Rxa7 22. Rxa7 Rb8 23. Ra1 Qd8 24. Nb3 Nxb3 25. Bxb3 Ra8 26. Rb1 Ra5 27.
Qd2 Qa8 28. Qb4 Ra1 29. Bc2 Rxb1+ 30. Qxb1 Qa5 31. h3 b6 32. Bd3 Kf8 33. Be2
Ke7 34. Bg4 Bxg4 1/2-1/2

[Event "4NCL Online Division 3"]
[Site "online"]
[Date "2020.10.20"]
[Round "5.132"]
[White "Freeman, Richard C P"]
[Black "Brixel, Christof"]
[Result "0-1"]
[WhiteElo "2016"]
[BlackElo "2087"]
[PlyCount "102"]
[EventDate "2020.10.20"]
[WhiteTeam "MK Phoenix 2"]
[BlackTeam "Celtic Tigers"]

1. d4 b6 2. e4 Bb7 3. Bd3 e6 4. Nf3 c5 5. c3 Nf6 6. Qe2 d5 7. e5 Nfd7 8. O-O
Be7 9. Be3 Nc6 10. Nbd2 cxd4 11. cxd4 Nb4 12. Rfc1 Nxd3 13. Qxd3 a5 14. Nb1 Ba6
15. Qd1 b5 16. Nc3 Nb6 17. a4 b4 18. Ne2 Nc4 19. b3 Na3 20. Nf4 O-O 21. Nd3
Bxd3 22. Qxd3 Qd7 23. Nd2 Rfc8 24. Nb1 Rxc1+ 25. Bxc1 Rc8 26. Nxa3 bxa3 27. g3
Qc7 28. Qe3 Qc3 29. Qxc3 Rxc3 30. Bxa3 Bxa3 31. Rxa3 h6 32. Kf1 Rd3 33. Ke2
Rxd4 34. f4 g5 35. Ke3 Re4+ 36. Kf3 Kg7 37. Ra2 Rb4 38. Rb2 Kg6 39. h3 gxf4 40.
gxf4 Kf5 41. Rg2 Rxf4+ 42. Ke3 Kxe5 43. Rg7 Rb4 44. Rxf7 Rxb3+ 45. Kd2 Rxh3 46.
Ra7 Ra3 47. Rxa5 h5 48. Ra8 h4 49. a5 h3 50. Rh8 h2 51. Kc2 Ra1 0-1

[Event "4NCL Online Division 3"]
[Site "online"]
[Date "2020.10.20"]
[Round "5.133"]
[White "Kitchen, Peter J"]
[Black "Elwin, Adrian G"]
[Result "1/2-1/2"]
[WhiteElo "1870"]
[BlackElo "1982"]
[PlyCount "101"]
[EventDate "2020.10.20"]
[WhiteTeam "Celtic Tigers"]
[BlackTeam "MK Phoenix 2"]

1. Nf3 Nf6 2. d4 g6 3. c4 Bg7 4. g3 d6 5. Bg2 c6 6. O-O O-O 7. Nc3 Nbd7 8. e4
e5 9. Rb1 Re8 10. h3 a6 11. d5 c5 12. Bg5 h6 13. Bxf6 Nxf6 14. Ne1 Nh5 15. Nd3
Bd7 16. b4 b6 17. Kh2 Rf8 18. bxc5 bxc5 19. Qc2 f5 20. f3 f4 21. g4 Ng3 22.
Rfe1 h5 23. Rb2 hxg4 24. hxg4 Qh4+ 25. Kg1 Bxg4 26. fxg4 f3 27. Nf2 fxg2 28.
Kxg2 Ra7 29. Qd3 Raf7 30. Re3 Nf1 31. Qxf1 Bh6 32. Rh3 Qg5 33. Qh1 Bg7 34. Ncd1
Qc1 35. Rc3 Qf4 36. Qh2 Qg5 37. Rb6 Qd2 38. Rb2 Rxf2+ 39. Nxf2 Qxb2 40. Rf3
Rxf3 41. Kxf3 Qc3+ 42. Kg2 Qxc4 43. Qh4 Qxa2 44. Qd8+ Bf8 45. Qf6 c4 46. Qxg6+
Bg7 47. Qe8+ Kh7 48. Qh5+ Kg8 49. Qe8+ Kh7 50. Qh5+ Kg8 51. Qe8+ 1/2-1/2

[Event "4NCL Online Division 3"]
[Site "online"]
[Date "2020.10.20"]
[Round "5.134"]
[White "Williamson, Kevin J"]
[Black "Cranston, Adam"]
[Result "1-0"]
[WhiteElo "1859"]
[BlackElo "1683"]
[PlyCount "94"]
[EventDate "2020.10.20"]
[WhiteTeam "MK Phoenix 2"]
[BlackTeam "Celtic Tigers"]

1. d4 d5 2. Nf3 Bf5 3. e3 e6 4. c4 c6 5. Qb3 Qb6 6. c5 Qc7 7. Nh4 Bxb1 8. Rxb1
Nf6 9. f4 Nbd7 10. Nf3 b6 11. cxb6 Qxb6 12. Qxb6 axb6 13. a3 Ne4 14. Ne5 Nxe5
15. fxe5 Be7 16. Bd3 f5 17. exf6 gxf6 18. Bd2 h5 19. Ke2 h4 20. Rhf1 Rg8 21.
Bxe4 dxe4 22. Rf2 f5 23. Rc1 Kd7 24. Kf1 Bd6 25. h3 Bg3 26. Re2 e5 27. dxe5
Bxe5 28. Be1 Bf6 29. Rf2 Rg5 30. Rd2+ Kc7 31. Bxh4 Rg6 32. Bxf6 Rxf6 33. Rcd1
c5 34. Rd7+ Kc6 35. Rg7 Rd6 36. Rxd6+ Kxd6 37. Rg6+ Ke5 38. Rxb6 Rd8 39. Rb5
Kd6 40. Ke2 Kc6 41. Rb3 Rg8 42. Kf2 Rd8 43. g4 fxg4 44. hxg4 c4 45. Rc3 Kc5 46.
b3 Rd2+ 47. Kg3 Ra2 1-0

[Event "4NCL Online Division 3"]
[Site "online"]
[Date "2020.10.20"]
[Round "5.141"]
[White "Phillips, Owen S"]
[Black "Slonczuk, Pawel"]
[Result "1/2-1/2"]
[WhiteElo "1871"]
[BlackElo "1667"]
[PlyCount "75"]
[EventDate "2020.10.20"]
[WhiteTeam "Streatham B"]
[BlackTeam "Wimbledon 2"]

1. b3 d5 2. Nf3 Nf6 3. Bb2 e6 4. g3 Be7 5. Bg2 Nbd7 6. O-O O-O 7. d4 b6 8. Re1
Bb7 9. a3 c5 10. c3 Rc8 11. e3 Ne4 12. Nbd2 Ndf6 13. Nxe4 Nxe4 14. Nd2 Nxd2 15.
Qxd2 Qc7 16. Rad1 Rfd8 17. Qe2 cxd4 18. exd4 Bd6 19. f4 Re8 20. Qf3 g6 21. Re3
Qd7 22. Rde1 Bf8 23. Bh3 Bh6 24. Bg2 Qb5 25. Qd1 Qd7 26. h4 a5 27. Bh3 Ba6 28.
Bf1 Bxf1 29. Rxf1 b5 30. g4 Qd6 31. Qf3 Qe7 32. Qh3 Qd6 33. g5 Bg7 34. h5 Rc7
35. hxg6 fxg6 36. f5 gxf5 37. Rxf5 Rce7 38. Rff3 1/2-1/2

[Event "4NCL Online Division 3"]
[Site "online"]
[Date "2020.10.20"]
[Round "5.142"]
[White "Brett, Alex I"]
[Black "Hylands, Liam M"]
[Result "0-1"]
[WhiteElo "1540"]
[BlackElo "1883"]
[PlyCount "90"]
[EventDate "2020.10.20"]
[WhiteTeam "Wimbledon 2"]
[BlackTeam "Streatham B"]

1. d4 d5 2. Bg5 h6 3. Bh4 c5 4. c3 Qb6 5. Qd2 g5 6. Bg3 Nf6 7. f3 Nc6 8. dxc5
Qxc5 9. Bf2 Qd6 10. e3 Bg7 11. Bd3 Ne5 12. Bb5+ Bd7 13. Bxd7+ Nfxd7 14. Na3 Qa6
15. Rd1 Nc5 16. Ne2 Ncd3+ 17. Kf1 Rd8 18. Kg1 O-O 19. Nc1 Nc5 20. Qe2 Nc4 21.
Nxc4 dxc4 22. Rd2 Nd3 23. Nxd3 cxd3 24. Qd1 Qxa2 25. Rxd3 Rxd3 26. Qxd3 Qxb2
27. Be1 Qa1 28. Kf2 Qa2+ 29. Qd2 Qc4 30. Qe2 Rc8 31. Bd2 b5 32. Rc1 Qa2 33. Be1
Qxe2+ 34. Kxe2 b4 35. Kd3 bxc3 36. Bxc3 Rxc3+ 37. Rxc3 Bxc3 38. Kxc3 Kg7 39.
Kb4 Kf6 40. g3 Ke5 41. Kb5 f5 42. h3 f4 43. exf4+ gxf4 44. g4 Kf6 45. h4 e5 0-1

[Event "4NCL Online Division 3"]
[Site "online"]
[Date "2020.10.20"]
[Round "5.143"]
[White "Ponting, Andrew"]
[Black "Selim, Omar"]
[Result "1-0"]
[WhiteElo "1870"]
[BlackElo "1315"]
[PlyCount "69"]
[EventDate "2020.10.20"]
[WhiteTeam "Streatham B"]
[BlackTeam "Wimbledon 2"]

1. d4 d5 2. c4 e6 3. Nf3 Be7 4. Nc3 Nf6 5. cxd5 Nxd5 6. e4 Nf6 7. Bf4 O-O 8.
Bd3 a6 9. Rc1 c6 10. O-O h6 11. Bb1 Nh7 12. Bxb8 Rxb8 13. e5 Re8 14. Qd3 Nf8
15. Ne4 f5 16. exf6 Bxf6 17. Rfe1 e5 18. Nxf6+ Qxf6 19. dxe5 Qd8 20. Nd4 Qg5
21. Qg3 Qxg3 22. hxg3 Ne6 23. Nf5 Ng5 24. Nd6 Re7 25. f4 Nf7 26. Nc4 b5 27. Na5
Nd8 28. Nxc6 Nxc6 29. Rxc6 Re6 30. Rec1 Bd7 31. Rc7 Rd8 32. Bf5 Re7 33. Rd1 Rf8
34. Rdxd7 Rxd7 35. Bxd7 1-0

[Event "4NCL Online Division 3"]
[Site "online"]
[Date "2020.10.20"]
[Round "5.144"]
[White "Sood, Kamaljit"]
[Black "Chung, Michael"]
[Result "1/2-1/2"]
[WhiteElo "1165"]
[BlackElo "1630"]
[PlyCount "114"]
[EventDate "2020.10.20"]
[WhiteTeam "Wimbledon 2"]
[BlackTeam "Streatham B"]

1. e4 e5 2. Nf3 Nc6 3. Bb5 a6 4. Ba4 b5 5. Bb3 Be7 6. c3 d6 7. d4 Bg4 8. O-O
Nf6 9. Bc2 exd4 10. cxd4 O-O 11. Nc3 Re8 12. Qd3 Nb4 13. Qe2 Nxc2 14. Qxc2 Bxf3
15. gxf3 Nh5 16. Qd2 h6 17. Qc2 Bg5 18. Be3 Bf4 19. Bxf4 Nxf4 20. Ne2 Qg5+ 21.
Ng3 Qh4 22. Ne2 Nh3+ 23. Kg2 Re6 24. Rfd1 Rg6+ 25. Ng3 Nf4+ 26. Kh1 Qh3 27. Rg1
h5 28. Qd2 Ne6 29. Qe3 Re8 30. f4 Rg4 31. Nf5 Nxf4 32. Qxh3 Nxh3 33. Rxg4 Nxf2+
34. Kg2 Nxg4 35. Rc1 g6 36. Ng3 Re7 37. Rc6 Ne3+ 38. Kf3 Nc4 39. b4 a5 40. bxa5
Nxa5 41. Ra6 Nc4 42. Ra7 Kg7 43. Rb7 Nb6 44. h3 f6 45. Kf4 Kf7 46. Ne2 Ke6 47.
a3 Kd7 48. Nc3 Kc8 49. Ra7 Kb8 50. Nxb5 Rd7 51. a4 Nc8 52. Ra5 Kb7 53. Nc3 c6
54. d5 Na7 55. dxc6+ Kxc6 56. Nd5 Rf7 57. Ra6+ Kc5 1/2-1/2

[Event "4NCL Online Division 3"]
[Site "online"]
[Date "2020.10.20"]
[Round "5.151"]
[White "Fisher, Neal"]
[Black "Broom, Mark"]
[Result "1-0"]
[WhiteElo "1750"]
[BlackElo "2117"]
[PlyCount "155"]
[EventDate "2020.10.20"]
[WhiteTeam "Chessmates"]
[BlackTeam "Horsham 1"]

1. e4 e5 2. Nf3 Nf6 3. Bc4 Nxe4 4. O-O d5 5. Bb3 Nc6 6. d4 Be7 7. dxe5 Be6 8.
Nc3 Nxc3 9. bxc3 O-O 10. a4 h6 11. Ba3 Bxa3 12. Rxa3 Qe7 13. Ra1 Rad8 14. Re1
Qc5 15. Qd2 Rfe8 16. Nd4 Na5 17. Nxe6 Rxe6 18. Qd4 Qxd4 19. cxd4 Nxb3 20. cxb3
Rb6 21. Rab1 Rb4 22. Red1 Re8 23. h3 Re6 24. Rd3 Reb6 25. Rc1 Rxb3 26. Rxb3
Rxb3 27. Rxc7 Rb4 28. Rc8+ Kh7 29. Rc7 Kg6 30. Rd7 Rxd4 31. a5 Rb4 32. Rxd5 a6
33. Rd7 Rb1+ 34. Kh2 Rb5 35. f4 Rxa5 36. Rxb7 h5 37. h4 Ra2 38. Rb6+ Kf5 39.
Rb7 Kxf4 40. Rxf7+ Kxe5 41. Rxg7 Rf2 42. Ra7 Rf6 43. Rh7 Rf5 44. Kh3 a5 45. Ra7
Kd4 46. g4 hxg4+ 47. Kxg4 Rb5 48. h5 Kc4 49. h6 Kb4 50. h7 Rb8 51. Rb7+ Rxb7
52. h8=Q Rb6 53. Qd4+ Kb5 54. Qd5+ Ka6 55. Qa8+ Kb5 56. Kf4 Kb4 57. Ke4 a4 58.
Kd5 Rb5+ 59. Kd4 Ka3 60. Kc4 Rb4+ 61. Kc5 Rb3 62. Qf8 Ka2 63. Qf2+ Rb2 64. Qf7+
Rb3 65. Qc4 a3 66. Qc2+ Rb2 67. Qa4 Rb1 68. Kc4 Rc1+ 69. Kb4 Rb1+ 70. Ka5 Rb2
71. Qd1 Rb1 72. Qd2+ Rb2 73. Qd4 Rb3 74. Ka4 Rb2 75. Qc4+ Kb1 76. Kxa3 Rc2 77.
Qb4+ Ka1 78. Qe1+ 1-0

[Event "4NCL Online Division 3"]
[Site "online"]
[Date "2020.10.20"]
[Round "5.152"]
[White "Roberts, David N"]
[Black "Tomlinson, Zak"]
[Result "0-1"]
[WhiteElo "1982"]
[BlackElo "1772"]
[PlyCount "84"]
[EventDate "2020.10.20"]
[WhiteTeam "Horsham 1"]
[BlackTeam "Chessmates"]

1. Nf3 Nf6 2. c4 g6 3. Nc3 Bg7 4. g3 O-O 5. Bg2 c6 6. O-O d5 7. e3 Bf5 8. d4
dxc4 9. Ne5 Nbd7 10. Nxc4 Nb6 11. Nd2 Bd3 12. Re1 Nfd5 13. a3 Re8 14. Nde4 Bxe4
15. Nxe4 e5 16. Nc5 Qc7 17. e4 Ne7 18. dxe5 Bxe5 19. Nd3 Rad8 20. Qe2 Bg7 21.
Bf4 Qc8 22. Qc2 Nd7 23. Bh3 b6 24. Rad1 Qb7 25. Bg2 Nf6 26. b4 Nh5 27. Be5 Rxd3
28. Rxd3 Bxe5 29. Red1 Bg7 30. f4 Nf6 31. Rd6 b5 32. Qd3 Qb6+ 33. Qd4 Qxd4+ 34.
R1xd4 Nc8 35. Rxc6 Ng4 36. e5 Ne3 37. Bh3 Nb6 38. Kf2 Nec4 39. Rc7 Nxe5 40.
fxe5 Bxe5 41. Rd3 Bxc7 42. Rd7 Nxd7 0-1

[Event "4NCL Online Division 3"]
[Site "online"]
[Date "2020.10.20"]
[Round "5.153"]
[White "Webster, Vivien"]
[Black "Taylor, Alex B"]
[Result "0-1"]
[WhiteElo "1757"]
[BlackElo "1922"]
[PlyCount "82"]
[EventDate "2020.10.20"]
[WhiteTeam "Chessmates"]
[BlackTeam "Horsham 1"]

1. e4 c5 2. Nf3 d6 3. Bc4 Nc6 4. h3 g6 5. O-O Bg7 6. c3 Nf6 7. d3 O-O 8. Bb3 b5
9. Bc2 b4 10. Bd2 a5 11. Ba4 Bd7 12. Bxc6 Bxc6 13. Re1 Nd7 14. Qc2 Qb6 15. Be3
Qb7 16. Nbd2 Rfc8 17. c4 a4 18. Rab1 Rcb8 19. Nf1 b3 20. axb3 Qxb3 21. Re2 Qxc2
22. Rxc2 a3 23. Bc1 axb2 24. Bxb2 Ra2 25. e5 Bxf3 26. gxf3 Bxe5 27. Bxe5 Rxc2
28. Rxb8+ Nxb8 29. Bg3 Nc6 30. Ne3 Rd2 31. Bh4 f6 32. Nd5 Kf7 33. Kg2 Rxd3 34.
Bg3 Rd4 35. Nc7 Rxc4 36. Nb5 Rc1 37. Nc7 e5 38. Nd5 c4 39. f4 c3 40. Ne3 Nd4
41. fxe5 dxe5 0-1

[Event "4NCL Online Division 3"]
[Site "online"]
[Date "2020.10.20"]
[Round "5.154"]
[White "Ashby, Nicholas G"]
[Black "Duffell, Andrew"]
[Result "1-0"]
[WhiteElo "1862"]
[BlackElo "1622"]
[PlyCount "67"]
[EventDate "2020.10.20"]
[WhiteTeam "Horsham 1"]
[BlackTeam "Chessmates"]

1. d4 Nf6 2. e3 d5 3. Ne2 c5 4. Ng3 Nc6 5. Be2 Qc7 6. Nc3 a6 7. dxc5 e6 8. Na4
Nd7 9. b3 Nxc5 10. Nxc5 Bxc5 11. O-O Bd7 12. Bb2 O-O-O 13. Rc1 Bd6 14. c4 d4
15. exd4 Bxg3 16. fxg3 e5 17. d5 Nd4 18. Bxd4 exd4 19. Qxd4 Rhe8 20. Bf3 Qe5
21. Qb6 Qe3+ 22. Qxe3 Rxe3 23. Rfd1 b6 24. b4 Bf5 25. Kf2 Ra3 26. Rd2 g5 27. h3
h6 28. c5 bxc5 29. bxc5 Bg6 30. d6 Bf5 31. c6 Re8 32. d7+ Kd8 33. dxe8=Q+ Kxe8
34. c7 1-0

[Event "4NCL Online Division 3"]
[Site "online"]
[Date "2020.10.20"]
[Round "5.161"]
[White "Smith, Olivia"]
[Black "Williams, Stephen M"]
[Result "1-0"]
[WhiteElo "2170"]
[BlackElo "1885"]
[PlyCount "97"]
[EventDate "2020.10.20"]
[WhiteTeam "Fischer's Catch"]
[BlackTeam "Downend 2"]

1. Nf3 c6 2. e4 d5 3. e5 Bg4 4. h3 Bh5 5. d4 e6 6. c3 Ne7 7. Bd3 Nd7 8. Nbd2 c5
9. O-O c4 10. Be2 b5 11. Re1 Nc6 12. Nf1 Be7 13. Ng3 Bg6 14. Bf4 a5 15. Qd2 h6
16. Bd1 Nb6 17. Bc2 Bxc2 18. Qxc2 b4 19. Nh5 g5 20. Bh2 Kd7 21. Nf6+ Kc8 22. b3
bxc3 23. bxc4 dxc4 24. Red1 Bxf6 25. exf6 Nb4 26. Qxc3 N4d5 27. Qb2 Nf4 28.
Rab1 Rb8 29. Qb5 Qc7 30. Qxa5 Rd8 31. Qa6+ Rb7 32. Rb5 Rd6 33. Rc5 Rc6 34. Qb5
Rxc5 35. dxc5 Nbd5 36. Qxc4 Qa5 37. Bxf4 gxf4 38. Ne5 Rc7 39. Rc1 Nxf6 40. Qxf4
Nd5 41. Qxh6 Qxa2 42. Nxf7 Nb4 43. Nd6+ Kd7 44. Nb5 Rb7 45. Nd4 Kc8 46. Qf8+
Kd7 47. c6+ Nxc6 48. Nxc6 Qa4 49. Ne5# 1-0

[Event "4NCL Online Division 3"]
[Site "online"]
[Date "2020.10.20"]
[Round "5.162"]
[White "Benkhoucha, Samy"]
[Black "Sivarajasingam, Venetia"]
[Result "0-1"]
[WhiteElo "1615"]
[BlackElo "2020"]
[PlyCount "94"]
[EventDate "2020.10.20"]
[WhiteTeam "Downend 2"]
[BlackTeam "Fischer's Catch"]

1. e4 e6 2. Nf3 d5 3. Nc3 dxe4 4. Nxe4 Nd7 5. d4 Ngf6 6. Ng3 c5 7. c3 cxd4 8.
Nxd4 Bc5 9. Bc4 Qb6 10. O-O O-O 11. b4 Bxd4 12. Qxd4 Qxd4 13. cxd4 Nb6 14. Bb3
Bd7 15. Bf4 Rfd8 16. Bg5 Bb5 17. Rfd1 Nbd5 18. a4 Be8 19. Bxd5 Rxd5 20. Bxf6
gxf6 21. Ne4 Kg7 22. Nc3 Rdd8 23. d5 e5 24. Kf1 Rac8 25. Rac1 Rc4 26. b5 a6 27.
Ke2 axb5 28. Nxb5 Rxc1 29. Rxc1 Bxb5+ 30. axb5 Rxd5 31. Rb1 Kg6 32. Rb4 Kf5 33.
Ke3 b6 34. f3 Rc5 35. h4 Rc2 36. g4+ Kg6 37. Kd3 Rc5 38. h5+ Kg5 39. Ke4 f5+
40. gxf5 Kxh5 41. Rb1 Kg5 42. Rg1+ Kf6 43. Rh1 Rc4+ 44. Ke3 Kxf5 45. Rh5+ Ke6
46. Rh6+ f6 47. Rxh7 Rb4 0-1

[Event "4NCL Online Division 3"]
[Site "online"]
[Date "2020.10.20"]
[Round "5.163"]
[White "Fraser, Susanna"]
[Black "Walsh, Shaun"]
[Result "1-0"]
[WhiteElo "1810"]
[BlackElo "1390"]
[PlyCount "77"]
[EventDate "2020.10.20"]
[WhiteTeam "Fischer's Catch"]
[BlackTeam "Downend 2"]

1. d4 Nf6 2. Bf4 c5 3. d5 Qb6 4. Nc3 Qxb2 5. Bd2 Qb6 6. e4 e5 7. Bd3 Be7 8. f4
d6 9. fxe5 dxe5 10. Nf3 Bg4 11. Rb1 Qc7 12. Bg5 a6 13. Bh4 Nbd7 14. Bf2 b5 15.
h3 c4 16. Be2 Bxf3 17. Bxf3 Qa5 18. Qd2 Bb4 19. Rxb4 Qxb4 20. O-O Qa5 21. Be1
Qb6+ 22. Bf2 Qa5 23. Be1 Rb8 24. Qg5 O-O 25. Bg4 b4 26. Bxd7 Nxd7 27. Qg4 Nc5
28. Ne2 Qxa2 29. Ng3 Qxc2 30. Nh5 g6 31. Nf6+ Kg7 32. Qg5 Qb2 33. Bd2 Qd4+ 34.
Be3 Qxe3+ 35. Qxe3 Na4 36. Ng4 b3 37. Qh6+ Kh8 38. Nf6 b2 39. Qxh7# 1-0

[Event "4NCL Online Division 3"]
[Site "online"]
[Date "2020.10.20"]
[Round "5.164"]
[White "Bleeg, Elliott"]
[Black "Chong, Kimberly"]
[Result "0-1"]
[WhiteElo "1217"]
[BlackElo "1862"]
[PlyCount "112"]
[EventDate "2020.10.20"]
[WhiteTeam "Downend 2"]
[BlackTeam "Fischer's Catch"]

1. e4 d5 2. e5 c5 3. d4 cxd4 4. Qxd4 Nc6 5. Bb5 e6 6. Qa4 Bd7 7. Nf3 a6 8. Bxc6
Bxc6 9. Qb3 Bc5 10. Nc3 Ne7 11. Na4 Qa5+ 12. Nc3 d4 13. Bd2 dxc3 14. Bxc3 Qb6
15. Qxb6 Bxb6 16. O-O Bxf3 17. gxf3 O-O-O 18. Bb4 Nc6 19. Bd6 Bc7 20. Rad1 Bxd6
21. exd6 Rd7 22. Rd2 Rhd8 23. Rfd1 Ne5 24. Kg2 Nc4 25. Rd3 Nxb2 26. Rc3+ Kb8
27. Rb1 Na4 28. Rc4 Rxd6 29. Rxa4 Rc8 30. Rab4 Rc7 31. Rc1 Rd2 32. Rb2 Rc4 33.
Rcb1 b5 34. Rc1 Kc7 35. Kf1 Rh4 36. Kg1 Kc6 37. Rb3 Rc4 38. Ra3 Kb6 39. c3 a5
40. Rb3 Rxa2 41. Rd1 a4 42. Rbb1 Rxc3 43. Kg2 a3 44. Rd7 Rb2 45. Ra1 a2 46.
Rdd1 b4 47. Rd8 b3 48. Rdd1 Rcc2 49. Rf1 Rd2 50. Kg3 Rbc2 51. Kg2 Kb5 52. Kg3
Kb4 53. Rfe1 Re2 54. Red1 Rcd2 55. Rf1 Ka3 56. Rfb1 b2 0-1

[Event "4NCL Online Division 3"]
[Site "online"]
[Date "2020.11.03"]
[Round "6.11"]
[White "Waterfield, John W"]
[Black "Hill, Jonathan S"]
[Result "1/2-1/2"]
[WhiteElo "2035"]
[BlackElo "2012"]
[PlyCount "150"]
[EventDate "2020.11.03"]
[WhiteTeam "Abergavenny and Friends"]
[BlackTeam "Urmston"]

1. e4 c5 2. c3 d5 3. exd5 Qxd5 4. Nf3 Nf6 5. d4 Bg4 6. dxc5 Qxd1+ 7. Kxd1 e5 8.
b4 e4 9. h3 Bh5 10. g4 Nxg4 11. hxg4 Bxg4 12. Nbd2 exf3 13. Bd3 Nc6 14. Re1+
Be7 15. Kc2 Kf8 16. Nc4 Rd8 17. Bf4 g5 18. Bd6 Bxd6 19. Nxd6 Rd7 20. b5 Nd8 21.
Re8+ Kg7 22. Rxh8 Kxh8 23. Bf5 Bxf5+ 24. Nxf5 Rd5 25. Rd1 Rxd1 26. Kxd1 Ne6 27.
b6 axb6 28. cxb6 Nc5 29. Kd2 Nd7 30. Nd6 Kg7 31. a4 Nxb6 32. a5 Nd5 33. Nxb7 h5
34. a6 h4 35. a7 Nc7 36. Nd6 h3 37. Ne8+ Kg6 38. Nxc7 h2 39. a8=Q h1=Q 40. Qg8+
Kf6 41. Nd5+ Ke6 42. Qxg5 Qa1 43. Nc7+ Kd7 44. Qd5+ Kxc7 45. Qxf7+ Kd6 46. Qxf3
Qb2+ 47. Kd3 Qb5+ 48. Ke4 Qe5+ 49. Kd3 Qb5+ 50. Kc2 Qa4+ 51. Kd2 Qa2+ 52. Ke3
Qe6+ 53. Qe4 Qh3+ 54. f3 Qh1 55. Qg6+ Kc5 56. Qf5+ Kd6 57. Qf6+ Kc7 58. Qe5+
Kb6 59. c4 Qc1+ 60. Kd4 Qd2+ 61. Ke4 Qe2+ 62. Kd4 Qd2+ 63. Ke4 Qe2+ 64. Kf4
Qxc4+ 65. Kg5 Qg8+ 66. Kf5 Qh7+ 67. Ke6 Qg8+ 68. Kf5 Qh7+ 69. Kf6 Qh6+ 70. Ke7
Qh7+ 71. Kd8 Qg8+ 72. Qe8 Qd5+ 73. Qd7 Qxf3 74. Qd6+ Qc6 75. Qxc6+ Kxc6 1/2-1/2

[Event "4NCL Online Division 3"]
[Site "online"]
[Date "2020.11.03"]
[Round "6.12"]
[White "Randall, Grant"]
[Black "Wakeham, Marc"]
[Result "0-1"]
[WhiteElo "1592"]
[BlackElo "1900"]
[PlyCount "82"]
[EventDate "2020.11.03"]
[WhiteTeam "Urmston"]
[BlackTeam "Abergavenny and Friends"]

1. e4 c5 2. c3 Nf6 3. e5 Nd5 4. d4 cxd4 5. Nf3 e6 6. cxd4 d6 7. Bd3 Nb4 8. Bb5+
Bd7 9. Bxd7+ Nxd7 10. a4 dxe5 11. dxe5 Qc7 12. Nc3 Rd8 13. Qe2 Nxe5 14. Nxe5
Qxe5 15. Be3 Bd6 16. Nb5 Bb8 17. Rd1 Rxd1+ 18. Qxd1 Nd5 19. Qd4 Nxe3 20. Qxe5
Bxe5 21. fxe3 O-O 22. b3 a6 23. Na3 Rc8 24. Nc4 b5 25. Nxe5 Rc1+ 26. Kd2 Rxh1
27. h3 bxa4 28. bxa4 Ra1 29. Kc3 Rxa4 30. Nc4 Ra1 31. Kb4 Rg1 32. g4 Rg3 33.
Ka5 Rxh3 34. Kxa6 Rg3 35. Kb6 Rxg4 36. Kc5 h5 37. Ne5 Rg5 38. Kd4 h4 39. Nf3
Rg4+ 40. e4 h3 41. Ke3 Rg2 0-1